[Event "Moscow-ch Men 2020"]
[Site "Moscow"]
[Date "2020.09.18"]
[Round "6.7"]
[White "Bukreev, Stanislav"]
[Black "Usov, Aleksandr E."]
[Result "0-1"]
[WhiteElo "1468"]
[BlackElo "2069"]
[Annotator "TA"]
[PlyCount "76"]
[EventDate "2020.09.15"]
[EventType "swiss"]
[EventCountry "RUS"]
[SourceTitle "playchess.com"]
[Source "ChessBase"]
[SourceQuality "1"]

{[%evp 18,76,36,0,4,7,6,0,0,0,6,-19,0,-15,-11,-8,-7,-29,0,-10,0,-10,0,0,0,0,0,0,0,-126,-125,-156,-156,-162,-154,-144,-122,-220,-227,-209,-126,-622,-618,-605,-578,-29983,-29984,-29985,-29986,-29986,-29987,-29987,-29988,-29994,-29995,-29995,-29996,-29996,-29997,-29997,-29998]} 1. d4 c6 2. c4 d5 3. Nc3 Nf6 4. e3 Nbd7 5. Nf3 e6 6. Bd3 dxc4 7. Bxc4 b5 8. Bd3 Bb7 9. O-O Be7 10. Qe2 a6 {D47: Semi-Slav: Meran System.} 11. Rd1 Qc7 12. Bd2 c5 {The position is equal.} 13. Rac1 Qb6 14. Bb1 cxd4 15. Nxd4 O-O 16. Be1 {[#]} Ne5 $146 ({Predecessor:} 16... Nc5 17. b4 Ncd7 18. a3 Ne5 19. f3 Rfd8 20. Bf2 Rd7 21. e4 Qd8 22. Ba2 Rc8 23. Bg3 Ng6 24. Nb3 Nh5 {½-½ (24) Ryskin,A (2515)-Rogozenco,D (2405) Pardubice 1994}) 17. h3 Nc6 18. Nf3 Rfd8 19. Ne4 Rac8 20. a3 Nd5 21. Nc3 Nxc3 22. Bxc3 a5 23. Nd4 (23. Rxd8+ $11 {remains equal.} Rxd8 24. Ne5) 23... b4 $17 24. Bd2 Nxd4 25. exd4 Rxc1 ({Don't play} 25... Qxd4 26. Be3 $17) ({But not} 25... Rxd4 26. Rxc8+ Bxc8 27. Be3 $17) 26. Bxc1 Rxd4 $40 {[%mdl 128] Threatens to win with ...Qc6! Black goes for the king.} 27. Bd3 (27. axb4 $17 {was called for.} Qc6 28. f3 Rxd1+ 29. Qxd1) 27... Qc6 $19 {[%csl Gb7][%cal Rc6g2]} 28. f3 {[#]} Ba6 $1 {[%mdl 512]} 29. Be3 $2 {[%mdl 8192] White does not recover from this.} (29. Bxa6 $17 Rxd1+ 30. Qxd1 Qxa6 31. axb4) 29... Rxd3 30. Rxd3 Qc4 31. Bc5 Bxc5+ {Black mates.} 32. Kh1 Qxd3 33. Qe1 bxa3 34. bxa3 Bxa3 35. Qxa5 Qf1+ 36. Kh2 Bd6+ 37. g3 Qf2+ {[%mdl 64] [#] Double Attack} 38. Kh1 Qxf3+ {Accuracy: White = 51%, Black = 86%.} 0-1

[Event "Moscow-ch Men 2020"]
[Site "Moscow"]
[Date "2020.09.19"]
[Round "7.1"]
[White "Antipov, Mikhail Al."]
[Black "Galaktionov, Artem"]
[Result "1-0"]
[WhiteElo "2584"]
[BlackElo "2319"]
[Annotator "TA"]
[PlyCount "61"]
[EventDate "2020.09.15"]
[EventType "swiss"]
[EventCountry "RUS"]
[SourceTitle "playchess.com"]
[Source "ChessBase"]
[SourceQuality "1"]

{[%evp 16,61,29,28,49,45,58,62,58,60,55,51,77,79,58,51,61,38,56,65,60,54,66,54,176,167,226,219,225,235,275,273,449,455,437,436,434,439,583,612,1019,1016,925,718,1619,1593,2325,800]} 1. e4 c6 2. d4 d5 3. exd5 cxd5 4. Bd3 Nc6 5. c3 Nf6 6. h3 g6 7. Nf3 Bg7 8. O-O O-O {8...Bf5 injects fresh life into this line.} 9. Re1 Bd7 {B13: Caro-Kann: Exchange Variation and Panov-Botvinnik Attack.} 10. Bf4 Qc8 11. Nbd2 Bf5 {White is slightly better.} 12. Bf1 Re8 {[#]} 13. Rc1 $146 ({Predecessor:} 13. Qb3 h6 14. a4 Be6 15. a5 a6 16. Qa4 Bd7 17. Qa2 Be6 18. Qa4 Bd7 19. Qa3 {½-½ (46) Trabert,L (2161)-Kopp,B (2217) Baden 2018}) 13... Ne4 14. Nxe4 Bxe4 15. Nd2 Bf5 16. g4 Be6 17. Bg2 $36 {[%mdl 2048] White has good play.} Qd7 18. Qe2 Nd8 19. Qf3 Nc6 {Loses the game.} (19... Rc8 $14) 20. Nb3 $1 $18 b6 {[#]} (20... Rad8 {keeps fighting.} 21. Nc5 Qc8 22. Nxe6 fxe6) 21. c4 $1 {[%cal Rc4d5][%mdl 512]} Nb4 {[#]} (21... dxc4 22. d5) 22. a3 $1 {[%cal Ra3b4]} dxc4 {Hoping for ...Bd5.} 23. axb4 Qb5 $2 (23... Rad8) 24. d5 {White is clearly winning.} Bd7 25. Nd2 Rac8 26. Bf1 Qxb4 27. Nxc4 Ba4 28. Bd2 Qc5 29. b3 Bb5 30. Ne5 Qd4 31. Bxb5 {Accuracy: White = 95%, Black = 39%.} (31. Qxf7+ $142 Kh8 32. Bxb5 Qxd2 33. Rcd1 Qxd1 34. Rxd1) 1-0

[Event "Moscow-ch Men 2020"]
[Site "Moscow"]
[Date "2020.09.19"]
[Round "7.2"]
[White "Stukan, Martin"]
[Black "Apryshko, Gleb"]
[Result "0-1"]
[WhiteElo "2325"]
[BlackElo "2388"]
[Annotator "ChessBase"]
[PlyCount "88"]
[EventDate "2020.09.15"]
[EventType "swiss"]
[EventCountry "RUS"]
[SourceTitle "playchess.com"]
[Source "ChessBase"]
[SourceQuality "1"]
[TimeControl "5400+30"]

1. e4 {[%emt 0:00:00]} c5 {[%emt 0:00:00]} 2. Nf3 {[%emt 0:00:00]} a6 {[%emt 0:00:00]} 3. c3 {[%emt 0:00:56]} g6 {[%emt 0:00:11]} 4. d4 {[%emt 0:00:43]} cxd4 {[%emt 0:00:02]} 5. cxd4 {[%emt 0:00:03]} d5 {[%emt 0:00:16]} 6. e5 {[%emt 0:04:09]} Bg4 {[%emt 0:00:08]} 7. Qb3 {[%emt 0:02:54]} Ra7 {[%emt 0:18:34]} 8. Be2 {[%emt 0:26:42]} Nc6 {[%emt 0:04:51]} 9. Nc3 {[%emt 0:00:19]} e6 {[%emt 0:02:09]} 10. Bg5 {[%emt 0:16:32]} Qa5 {[%emt 0:00:17]} 11. Rd1 {[%emt 0:03:56]} Nge7 {[%emt 0:04:46]} 12. Bf6 {[%emt 0:01:36]} Rg8 {[%emt 0:00:02]} 13. Ng1 {[%emt 0:00:53]} Bxe2 {[%emt 0:02:41]} 14. Ngxe2 {[%emt 0:00:05]} Nc8 {[%emt 0:04:28]} 15. O-O {[%emt 0:11:11]} Nb6 {[%emt 0:01:32]} 16. Nb1 {[%emt 0:01:59]} Qb5 {[%emt 0:08:19]} 17. Qf3 {[%emt 0:06:44]} Qxb2 {[%emt 0:24:18]} 18. Nbc3 {[%emt 0:00:03]} Qb4 {[%emt 0:00:17]} 19. Qh3 {[%emt 0:04:37]} Bg7 {[%emt 0:15:51]} 20. Rb1 {[%emt 0:03:42]} Qa5 {[%emt 0:00:01]} 21. Qxh7 {[%emt 0:00:11]} Kf8 {[%emt 0:00:10]} 22. Bxg7+ {[%emt 0:01:48]} Rxg7 {[%emt 0:00:01]} 23. Qh8+ {[%emt 0:00:05]} Rg8 {[%emt 0:00:01]} 24. Qf6 {[%emt 0:00:58]} Nd7 {[%emt 0:00:46]} 25. Qf3 {[%emt 0:01:14]} Ke7 {[%emt 0:01:22]} 26. Qe3 {[%emt 0:08:17]} Kd8 {[%emt 0:01:02]} 27. Qf4 {[%emt 0:00:28]} Ke8 {[%emt 0:01:36]} 28. Rfc1 {[%emt 0:00:15]} Ne7 {[%emt 0:01:23]} 29. Ng3 {[%emt 0:00:58]} Kf8 {[%emt 0:04:53]} 30. h4 {[%emt 0:00:19]} Rh8 {[%emt 0:01:20]} 31. Qg5 {[%emt 0:00:48]} Nc6 {[%emt 0:00:05]} 32. Qg4 {[%emt 0:00:47]} Qd8 {[%emt 0:00:09]} 33. h5 {[%emt 0:00:52]} gxh5 {[%emt 0:00:00]} 34. Nxh5 {[%emt 0:00:13]} Rg8 {[%emt 0:00:00]} 35. Qd1 {[%emt 0:00:29]} Qh4 {[%emt 0:00:10]} 36. Nf6 {[%emt 0:01:42]} Nxf6 {[%emt 0:00:13]} 37. exf6 {[%emt 0:00:01]} Rh8 {[%emt 0:00:43]} 38. Kf1 {[%emt 0:00:00]} Qxf6 {[%emt 0:00:30]} 39. Ne2 {[%emt 0:00:55]} Rh1+ {[%emt 0:00:55]} 40. Ng1 {[%emt 0:00:01]} Qxd4 {[%emt 0:00:23]} 41. Qf3 {[%emt 0:00:50]} Ne5 {[%emt 0:01:47]} 42. Rc8+ {[%emt 0:01:21]} Kg7 {[%emt 0:00:00]} 43. Qg3+ {[%emt 0:00:43]} Ng6 {[%emt 0:00:01]} 44. Rc7 {[%emt 0:00:43]} b5 {[%emt 0:00:11]} 0-1

[Event "Moscow-ch Men 2020"]
[Site "Moscow"]
[Date "2020.09.19"]
[Round "7.3"]
[White "Gubajdullin, Alexei"]
[Black "Teiitbaev, Aktilek"]
[Result "1-0"]
[WhiteElo "2344"]
[BlackElo "2106"]
[Annotator "ChessBase"]
[PlyCount "85"]
[EventDate "2020.09.15"]
[EventType "swiss"]
[EventCountry "RUS"]
[SourceTitle "playchess.com"]
[Source "ChessBase"]
[SourceQuality "1"]
[TimeControl "5400+30"]

1. d4 {[%emt 0:00:00]} Nf6 {[%emt 0:00:00]} 2. Nf3 {[%emt 0:00:09]} g6 {[%emt 0:00:00]} 3. Bf4 {[%emt 0:00:08]} Bg7 {[%emt 0:00:00]} 4. e3 {[%emt 0:00:05]} d6 {[%emt 0:00:00]} 5. Be2 {[%emt 0:00:03]} O-O {[%emt 0:00:29]} 6. O-O {[%emt 0:00:05]} b6 {[%emt 0:00:08]} 7. h3 {[%emt 0:01:02]} Bb7 {[%emt 0:00:13]} 8. a4 {[%emt 0:00:08]} a5 {[%emt 0:00:41]} 9. Nc3 {[%emt 0:04:04]} Nbd7 {[%emt 0:01:03]} 10. Bh2 {[%emt 0:00:12]} Re8 {[%emt 0:01:00]} 11. Nb5 {[%emt 0:03:22]} Ne4 {[%emt 0:04:23]} 12. c3 {[%emt 0:04:57]} Rc8 {[%emt 0:09:02]} 13. Qb3 {[%emt 0:05:26]} e6 {[%emt 0:00:13]} 14. Rfd1 {[%emt 0:03:30]} Qe7 {[%emt 0:00:42]} 15. Na7 {[%emt 0:07:35]} Ra8 {[%emt 0:00:40]} 16. Nb5 {[%emt 0:00:04]} Rac8 {[%emt 0:00:04]} 17. Nd2 {[%emt 0:06:56]} Ndf6 {[%emt 0:07:35]} 18. Nc4 {[%emt 0:00:44]} Bh6 {[%emt 0:02:49]} 19. Bf3 {[%emt 0:13:41]} Bd5 {[%emt 0:03:21]} 20. Nba3 {[%emt 0:02:10]} Ng5 {[%emt 0:05:55]} 21. Bxd5 {[%emt 0:16:29]} exd5 {[%emt 0:03:28]} 22. Nd2 {[%emt 0:00:03]} Nge4 {[%emt 0:05:31]} 23. Qc2 {[%emt 0:01:42]} Nxd2 24. Rxd2 {[%emt 0:00:16]} Ne4 {[%emt 0:15:51]} 25. Re2 {[%emt 0:00:21]} Qh4 {[%emt 0:01:02]} 26. Rae1 {[%emt 0:02:34]} Re7 {[%emt 0:04:16]} 27. Qb3 {[%emt 0:00:49]} Nxf2 {[%emt 0:03:02]} 28. Rxf2 {[%emt 0:01:20]} Bxe3 {[%emt 0:00:29]} 29. Rxe3 {[%emt 0:01:00]} Rxe3 {[%emt 0:00:07]} 30. Nc2 {[%emt 0:01:05]} Re7 {[%emt 0:03:37]} 31. Qxd5 {[%emt 0:00:50]} Rce8 {[%emt 0:00:31]} 32. Qf3 {[%emt 0:01:23]} Qg5 {[%emt 0:01:02]} 33. Bf4 {[%emt 0:00:38]} Qf5 {[%emt 0:01:16]} 34. Ne3 {[%emt 0:01:03]} Qe4 {[%emt 0:02:49]} 35. Nd5 {[%emt 0:00:53]} Qxf3 {[%emt 0:02:03]} 36. Nxe7+ {[%emt 0:00:06]} Rxe7 {[%emt 0:00:04]} 37. Rxf3 {[%emt 0:01:25]} Re1+ {[%emt 0:00:58]} 38. Rf1 {[%emt 0:00:16]} Re2 {[%emt 0:00:04]} 39. Rf2 {[%emt 0:00:13]} Re1+ {[%emt 0:00:04]} 40. Kh2 {[%emt 0:00:11]} f6 {[%emt 0:00:16]} 41. Bh6 {[%emt 0:01:10]} Kf7 {[%emt 0:00:14]} 42. Bg5 {[%emt 0:00:06]} f5 {[%emt 0:00:12]} 43. Bd8 {[%emt 0:00:10]} 1-0

[Event "Moscow-ch Men 2020"]
[Site "Moscow"]
[Date "2020.09.19"]
[Round "7.4"]
[White "Anfinogenov, Artem"]
[Black "Rostovtsev, Dmitry"]
[Result "0-1"]
[WhiteElo "2054"]
[BlackElo "1737"]
[Annotator "NA"]
[PlyCount "132"]
[EventDate "2020.09.15"]
[EventType "swiss"]
[EventCountry "RUS"]
[SourceTitle "playchess.com"]
[Source "ChessBase"]
[SourceQuality "1"]
[TimeControl "5400+30"]

1. d4 {[%emt 0:00:00]} Nf6 {[%emt 0:06:43]} 2. c4 {[%emt 0:00:08]} g6 {[%emt 0:00:05]} 3. Nc3 {[%emt 0:00:07]} Bg7 {[%emt 0:00:03]} 4. e4 {[%emt 0:00:10]} d6 {[%emt 0:00:04]} 5. Be2 {[%emt 0:00:14]} O-O {[%emt 0:00:09]} 6. Bg5 {[%emt 0:00:08]} Na6 {[%emt 0:00:18]} 7. Qd2 {[%emt 0:02:01]} c6 {[%emt 0:04:20]} 8. Nf3 {[%emt 0:01:50]} Nc7 {[%emt 0:04:13]} 9. O-O {[%emt 0:04:22]} d5 {[%emt 0:01:39] E91: King's Indian: Classical: 6 Be2, unusual replies including 6...c5 and 6...Bg4.} 10. cxd5 {[%emt 0:03:49]} cxd5 {[%emt 0:00:05]} 11. e5 {[%emt 0:01:05]} Ne4 {[%emt 0:00:26]} 12. Nxe4 {[%emt 0:01:10]} (12. Qe3 $11) 12... dxe4 {[%emt 0:00:12]} 13. Ne1 {[%emt 0:00:06]} f6 {[%emt 0:04:02]} 14. exf6 {[%emt 0:03:15]} exf6 {[%emt 0:00:15]} 15. Be3 {[%emt 0:01:43] [#]} Be6 $146 {[%emt 0:04:04]} ({Predecessor:} 15... Nd5 16. Nc2 Be6 17. Bh6 Bxh6 18. Qxh6 Qc7 19. Qd2 Rac8 20. Ne3 Qd6 21. Nxd5 Bxd5 22. b3 Rc7 23. Rac1 Rfc8 24. Rxc7 Rxc7 25. Rc1 {½-½ (25) Bouma,J (1678)-Richardson,J (1688) Chessfriend.com 2004}) 16. f3 {[%emt 0:02:52]} exf3 {[%emt 0:01:22]} 17. Nxf3 {[%emt 0:00:47]} Nd5 {[%emt 0:02:29]} 18. Bh6 {[%emt 0:03:33]} Qd7 {[%emt 0:02:42]} 19. Bxg7 {[%emt 0:01:59]} Kxg7 {[%emt 0:00:21]} 20. Rfe1 {[%emt 0:01:54]} Rfd8 {[%emt 0:02:25]} 21. Bc4 {[%emt 0:02:46]} Rac8 {[%emt 0:00:43]} 22. Rac1 {[%emt 0:00:42]} Bf7 {[%emt 0:01:32]} 23. a3 {[%emt 0:04:32]} Rc7 {[%emt 0:07:24]} 24. Bb3 {[%emt 0:08:31]} Rdc8 {[%emt 0:00:46]} 25. Rxc7 {[%emt 0:10:52]} Qxc7 {[%emt 0:00:24]} 26. Bxd5 {[%emt 0:05:50]} Bxd5 {[%emt 0:01:22]} 27. Qb4 {[%emt 0:00:10]} Kg8 {[%emt 0:03:13]} 28. Re7 $17 {[%emt 0:14:22]} Qf4 {[%emt 0:11:15]} 29. Qb5 {[%emt 0:03:33]} Bxf3 {[%emt 0:01:13]} 30. Re8+ {[%emt 0:00:39]} Rxe8 {[%emt 0:00:04]} 31. Qxe8+ {[%emt 0:00:06]} Kg7 {[%emt 0:00:04]} 32. Qd7+ {[%emt 0:00:26]} Kh6 {[%emt 0:00:20]} 33. gxf3 {[%emt 0:00:13]} Qxf3 {[%emt 0:00:53]} 34. d5 {[%emt 0:00:55]} Qe3+ {[%emt 0:03:05]} 35. Kg2 {[%emt 0:03:07]} Qd2+ {[%emt 0:10:17]} 36. Kf3 {[%emt 0:01:30]} Qd3+ {[%emt 0:01:37]} 37. Kf2 {[%emt 0:00:52]} Qc2+ {[%emt 0:01:17]} 38. Ke3 {[%emt 0:00:29]} Qb3+ {[%emt 0:02:40]} 39. Kf2 {[%emt 0:03:43]} Qxb2+ {[%emt 0:00:08]} 40. Kg1 {[%emt 0:00:25]} Qc1+ {[%emt 0:03:23]} 41. Kf2 {[%emt 0:00:35]} Qd2+ {[%emt 0:00:56]} 42. Kg1 {[%emt 0:03:32]} Qe3+ {[%emt 0:01:52]} 43. Kg2 {[%emt 0:00:43]} Qe4+ {[%emt 0:00:29]} 44. Kf2 {[%emt 0:00:35]} Qf4+ {[%emt 0:00:53]} 45. Kg2 {[%emt 0:00:40]} Qd2+ {[%emt 0:00:24]} 46. Kg1 {[%emt 0:00:13]} Qe1+ {[%emt 0:00:21]} 47. Kg2 {[%emt 0:00:04]} Qe2+ {[%emt 0:00:04]} 48. Kg1 {[%emt 0:00:10]} f5 {[%emt 0:00:05]} 49. d6 {[%emt 0:00:46]} Qd1+ {[%emt 0:02:35]} 50. Kf2 {[%emt 0:00:48]} Qd4+ {[%emt 0:01:01]} 51. Kf3 {[%emt 0:01:20]} Qd3+ {[%emt 0:01:22]} 52. Kf2 {[%emt 0:00:25]} f4 {[%emt 0:00:13]} 53. Qe6 {[%emt 0:03:10]} Qd2+ {[%emt 0:02:57]} 54. Kf3 {[%emt 0:00:59]} Qxh2 {[%emt 0:00:53]} 55. d7 {[%emt 0:00:43]} Qg3+ {[%emt 0:00:26]} 56. Ke4 {[%emt 0:00:39]} Qe3+ {[%emt 0:00:06]} 57. Kd5 {[%emt 0:00:07]} Qd3+ {[%emt 0:00:22]} 58. Ke5 {[%emt 0:04:06]} f3 {[%emt 0:00:23]} 59. Qh3+ {[%emt 0:00:36]} Kg7 {[%emt 0:00:35]} 60. Ke6 {[%emt 0:00:59]} Qe4+ {[%emt 0:01:05]} 61. Kd6 {[%emt 0:00:14]} Qc6+ {[%emt 0:00:09]} 62. Ke5 {[%emt 0:00:23]} Qf6+ {[%emt 0:00:13]} 63. Kd5 {[%emt 0:01:31]} f2 {[%emt 0:00:14]} 64. Kc5 {[%emt 0:02:03]} f1=Q {[%emt 0:16:45]} 65. Qxf1 {[%emt 0:00:15]} Qxf1 {[%emt 0:00:00]} 66. d8=Q {[%emt 0:00:05]} Qf8+ {[%emt 0:01:00]} 0-1

[Event "Moscow-ch Men 2020"]
[Site "Moscow"]
[Date "2020.09.19"]
[Round "7.5"]
[White "Maslovskiy, Vladimir"]
[Black "Fedosov, Alexander"]
[Result "1-0"]
[WhiteElo "1767"]
[BlackElo "1324"]
[Annotator "NA"]
[PlyCount "95"]
[EventDate "2020.09.15"]
[EventType "swiss"]
[EventCountry "RUS"]
[SourceTitle "playchess.com"]
[Source "ChessBase"]
[SourceQuality "1"]
[TimeControl "5400+30"]

1. e4 {[%emt 0:00:00]} c6 {[%emt 0:03:38]} 2. d4 {[%emt 0:00:00]} d5 {[%emt 0:00:11]} 3. exd5 {[%emt 0:00:00]} cxd5 {[%emt 0:00:06]} 4. Bd3 {[%emt 0:00:00]} Nc6 {[%emt 0:01:00]} 5. c3 {[%emt 0:00:58]} Nf6 {[%emt 0:02:33]} 6. h3 {[%emt 0:00:05]} g6 {[%emt 0:01:33]} 7. Nf3 {[%emt 0:00:13]} Bf5 {[%emt 0:00:24]} 8. O-O {[%emt 0:08:11]} e6 {[%emt 0:02:47]} 9. Qe2 {[%emt 0:01:14]} Bd6 {[%emt 0:01:07]} 10. Re1 {[%emt 0:03:23]} a6 {[%emt 0:05:01]} 11. Ne5 {[%emt 0:02:26]} Bxe5 {[%emt 0:00:47]} 12. dxe5 {[%emt 0:00:07]} Nd7 {[%emt 0:00:03]} 13. f4 {[%emt 0:02:43]} Nc5 {[%emt 0:03:43]} 14. Bxf5 {[%emt 0:00:10]} gxf5 {[%emt 0:00:12]} 15. Be3 {[%emt 0:00:38]} Ne4 {[%emt 0:00:37]} 16. Nd2 {[%emt 0:00:31]} Qh4 {[%emt 0:10:38]} 17. Nxe4 {[%emt 0:00:42]} fxe4 {[%emt 0:01:27]} 18. Qg4 {[%emt 0:20:44]} Qxg4 {[%emt 0:02:27]} 19. hxg4 {[%emt 0:00:03]} h5 {[%emt 0:00:50]} 20. gxh5 {[%emt 0:00:53]} Rxh5 {[%emt 0:00:10]} 21. Kf2 {[%emt 0:00:05]} Kd7 {[%emt 0:00:14]} 22. Rh1 {[%emt 0:00:21]} Rah8 {[%emt 0:00:07]} 23. Rxh5 {[%emt 0:00:51]} Rxh5 {[%emt 0:00:06]} 24. Bc5 {[%emt 0:00:21]} Kc7 {[%emt 0:01:42]} 25. Rg1 {[%emt 0:00:34]} Rh4 {[%emt 0:00:53]} 26. g4 {[%emt 0:00:24]} Rh2+ {[%emt 0:00:52]} 27. Rg2 {[%emt 0:00:03]} Rh3 {[%emt 0:00:05]} 28. Rg3 {[%emt 0:02:11]} Rh2+ {[%emt 0:00:08]} 29. Rg2 {[%emt 0:00:16]} Rh3 {[%emt 0:00:06]} 30. Ke2 {[%emt 0:20:39]} Rf3 {[%emt 0:01:45]} 31. Be3 {[%emt 0:01:10]} Rh3 {[%emt 0:02:31]} 32. Bg1 {[%emt 0:14:39]} Ne7 {[%emt 0:03:11]} 33. Bh2 {[%emt 0:00:16]} Ng6 {[%emt 0:01:41]} 34. f5 {[%emt 0:01:05]} Nh4 {[%emt 0:01:30]} 35. Rf2 {[%emt 0:00:10]} Rf3 {[%emt 0:01:26]} 36. Rxf3 {[%emt 0:02:49]} Nxf3 {[%emt 0:01:03]} 37. Bf4 {[%emt 0:00:20]} Kd7 {[%emt 0:03:01]} 38. f6 {[%emt 0:00:57]} Kc6 {[%emt 0:01:03]} 39. Bg3 {[%emt 0:02:31]} d4 {[%emt 0:00:48]} 40. cxd4 {[%emt 0:00:08]} Nxd4+ {[%emt 0:00:05]} 41. Ke3 {[%emt 0:00:13]} Kd5 {[%emt 0:00:03]} 42. g5 {[%emt 0:02:20]} Nf5+ {[%emt 0:07:02]} 43. Kf4 {[%emt 0:00:23]} Nxg3 {[%emt 0:01:11]} 44. g6 {[%emt 0:01:06]} Nh5+ {[%emt 0:06:38]} 45. Ke3 {[%emt 0:00:32]} Kxe5 {[%emt 0:01:48]} 46. gxf7 {[%emt 0:00:07]} Nxf6 {[%emt 0:00:08]} 47. f8=Q {[%emt 0:00:06]} Nd5+ {[%emt 0:00:14]} 48. Ke2 {[%emt 0:00:27]} 1-0

[Event "Moscow-ch Men 2020"]
[Site "Moscow"]
[Date "2020.09.19"]
[Round "7.6"]
[White "Tunik, Sergey"]
[Black "Bukreev, Stanislav"]
[Result "1-0"]
[WhiteElo "2160"]
[BlackElo "1468"]
[Annotator "ChessBase"]
[PlyCount "69"]
[EventDate "2020.09.15"]
[EventType "swiss"]
[EventCountry "RUS"]
[SourceTitle "playchess.com"]
[Source "ChessBase"]
[SourceQuality "1"]
[TimeControl "5400+30"]

1. d4 {[%emt 0:00:00]} Nf6 {[%emt 0:00:00]} 2. Nf3 {[%emt 0:00:00]} c5 {[%emt 0:00:00]} 3. c3 {[%emt 0:00:00]} cxd4 {[%emt 0:00:04]} 4. cxd4 {[%emt 0:00:01]} g6 {[%emt 0:00:04]} 5. g3 {[%emt 0:00:14]} Bg7 {[%emt 0:00:21]} 6. Bg2 {[%emt 0:00:12]} O-O {[%emt 0:00:08]} 7. O-O {[%emt 0:00:05]} d6 {[%emt 0:00:24]} 8. Nc3 {[%emt 0:04:07]} Bg4 {[%emt 0:02:29]} 9. Be3 {[%emt 0:08:58]} Nc6 {[%emt 0:01:53]} 10. h3 {[%emt 0:01:34]} Bf5 {[%emt 0:02:47]} 11. g4 {[%emt 0:05:09]} Be4 {[%emt 0:02:20]} 12. g5 {[%emt 0:04:45]} Bxf3 {[%emt 0:05:30]} 13. gxf6 {[%emt 0:00:21]} Bxe2 {[%emt 0:00:05]} 14. fxe7 {[%emt 0:01:51]} Qxe7 {[%emt 0:02:25]} 15. Nxe2 {[%emt 0:05:14]} Rac8 {[%emt 0:02:44]} 16. Qd2 {[%emt 0:00:33]} Rfe8 {[%emt 0:05:30]} 17. Rfe1 {[%emt 0:01:06]} a5 {[%emt 0:04:43]} 18. Rac1 {[%emt 0:00:55]} a4 {[%emt 0:01:12]} 19. Rc3 {[%emt 0:03:46]} Nb4 {[%emt 0:00:57]} 20. Rxc8 {[%emt 0:00:17]} Rxc8 {[%emt 0:00:56]} 21. Qxb4 {[%emt 0:00:10]} h5 {[%emt 0:03:05]} 22. Rc1 {[%emt 0:01:22]} Rxc1+ {[%emt 0:01:59]} 23. Nxc1 {[%emt 0:00:05]} a3 {[%emt 0:00:41]} 24. Qxa3 {[%emt 0:00:42]} Qc7 {[%emt 0:02:53]} 25. Qc3 {[%emt 0:00:10]} Qb6 {[%emt 0:01:23]} 26. Qc8+ {[%emt 0:01:11]} Kh7 {[%emt 0:02:57]} 27. Qxb7 {[%emt 0:00:10]} Qa5 {[%emt 0:00:10]} 28. Qxf7 {[%emt 0:00:08]} Qb6 {[%emt 0:01:23]} 29. Nd3 {[%emt 0:00:19]} d5 {[%emt 0:00:19]} 30. Bxd5 {[%emt 0:00:09]} Qd8 {[%emt 0:00:33]} 31. Ne5 {[%emt 0:00:08]} Kh8 {[%emt 0:00:34]} 32. Nxg6+ {[%emt 0:00:08]} Kh7 {[%emt 0:00:21]} 33. Ne7 {[%emt 0:00:17]} Qxd5 {[%emt 0:00:57]} 34. Nxd5 {[%emt 0:00:12]} h4 {[%emt 0:00:14]} 35. Nf6+ {[%emt 0:00:06]} 1-0

[Event "Moscow-ch Men 2020"]
[Site "Moscow"]
[Date "2020.09.19"]
[Round "7.7"]
[White "Usov, Aleksandr E."]
[Black "Uskov, Artem"]
[Result "1-0"]
[WhiteElo "2069"]
[BlackElo "2164"]
[Annotator "ChessBase"]
[PlyCount "125"]
[EventDate "2020.09.15"]
[EventType "swiss"]
[EventCountry "RUS"]
[SourceTitle "playchess.com"]
[Source "ChessBase"]
[SourceQuality "1"]
[TimeControl "5400+30"]

1. e4 {[%emt 0:00:00]} c5 {[%emt 0:00:00]} 2. Nf3 {[%emt 0:00:00]} d6 {[%emt 0:00:00]} 3. Bb5+ {[%emt 0:00:00]} Bd7 {[%emt 0:00:12]} 4. Bxd7+ {[%emt 0:00:00]} Qxd7 {[%emt 0:00:06]} 5. c4 {[%emt 0:00:00]} Nc6 {[%emt 0:00:42]} 6. Nc3 {[%emt 0:00:00]} Nf6 {[%emt 0:01:26]} 7. d4 {[%emt 0:00:00]} cxd4 {[%emt 0:00:11]} 8. Nxd4 {[%emt 0:00:01]} g6 {[%emt 0:00:26]} 9. f3 {[%emt 0:00:12]} Nxd4 {[%emt 0:00:08]} 10. Qxd4 {[%emt 0:00:08]} Bg7 {[%emt 0:00:10]} 11. Qd3 {[%emt 0:00:19]} O-O {[%emt 0:00:35]} 12. Be3 {[%emt 0:00:18]} Rfc8 {[%emt 0:00:57]} 13. O-O {[%emt 0:00:19]} Qd8 {[%emt 0:01:11]} 14. b3 {[%emt 0:01:00]} Nd7 {[%emt 0:00:48]} 15. Rac1 {[%emt 0:00:32]} b6 {[%emt 0:01:18]} 16. Rfd1 {[%emt 0:00:31]} Ne5 {[%emt 0:01:49]} 17. Qe2 {[%emt 0:03:40]} Nc6 {[%emt 0:00:32]} 18. f4 {[%emt 0:03:27]} Qf8 {[%emt 0:06:38]} 19. Qf2 {[%emt 0:00:54]} Rd8 {[%emt 0:01:17]} 20. Nb5 {[%emt 0:01:04]} Rac8 {[%emt 0:01:10]} 21. Nd4 {[%emt 0:00:51]} Rd7 {[%emt 0:02:49]} 22. Rc2 {[%emt 0:03:01]} Bxd4 {[%emt 0:07:28]} 23. Bxd4 {[%emt 0:00:01]} f5 {[%emt 0:00:06]} 24. Ba1 {[%emt 0:06:29]} fxe4 {[%emt 0:00:36]} 25. Qe3 {[%emt 0:00:04]} Qf5 {[%emt 0:05:45]} 26. Rf2 {[%emt 0:32:37]} d5 {[%emt 0:10:34]} 27. cxd5 {[%emt 0:00:16]} Rxd5 {[%emt 0:00:08]} 28. Rxd5 {[%emt 0:25:53]} Qxd5 {[%emt 0:03:41]} 29. Rd2 {[%emt 0:00:25]} Qc5 {[%emt 0:02:09]} 30. Qxc5 {[%emt 0:00:08]} bxc5 {[%emt 0:00:05]} 31. Kf2 {[%emt 0:00:15]} Kf7 {[%emt 0:09:53]} 32. Ke3 {[%emt 0:01:42]} Ke6 {[%emt 0:01:40]} 33. Kxe4 {[%emt 0:00:05]} Na5 {[%emt 0:00:03]} 34. g4 {[%emt 0:01:05]} c4 {[%emt 0:03:51]} 35. Rc2 {[%emt 0:04:36]} a6 {[%emt 0:08:19]} 36. Be5 {[%emt 0:02:00]} Rc6 {[%emt 0:02:01]} 37. f5+ {[%emt 0:00:51]} gxf5+ {[%emt 0:00:05]} 38. gxf5+ {[%emt 0:00:03]} Kd7 {[%emt 0:00:10]} 39. Rd2+ {[%emt 0:01:15]} Ke8 {[%emt 0:01:44]} 40. Bc3 {[%emt 0:11:24]} Nb7 {[%emt 0:00:23]} 41. b4 {[%emt 0:00:11]} Nd6+ {[%emt 0:00:28]} 42. Ke5 {[%emt 0:01:52]} Rb6 {[%emt 0:00:16]} 43. a4 {[%emt 0:00:07]} Kd7 {[%emt 0:00:31]} 44. f6 {[%emt 0:02:29]} exf6+ {[%emt 0:07:25]} 45. Kxf6 {[%emt 0:00:01]} Kc6 {[%emt 0:07:57]} 46. Ke5 {[%emt 0:00:11]} Kc7 {[%emt 0:01:20]} 47. Kd5 {[%emt 0:00:51]} Rc6 {[%emt 0:00:43]} 48. Rf2 {[%emt 0:01:47]} Kd7 {[%emt 0:05:37]} 49. Rf6 {[%emt 0:00:05]} h5 {[%emt 0:00:27]} 50. Rh6 {[%emt 0:00:40]} Nf5 {[%emt 0:00:09]} 51. Rh7+ {[%emt 0:00:01]} Ne7+ {[%emt 0:09:31]} 52. Rxe7+ {[%emt 0:00:06]} Kxe7 {[%emt 0:00:00]} 53. Kxc6 {[%emt 0:00:01]} h4 {[%emt 0:00:00]} 54. b5 {[%emt 0:00:17]} axb5 {[%emt 0:00:00]} 55. axb5 {[%emt 0:00:33]} Ke6 {[%emt 0:00:00]} 56. b6 {[%emt 0:00:04]} h3 {[%emt 0:00:00]} 57. b7 {[%emt 0:00:03]} Kf5 {[%emt 0:00:00]} 58. b8=Q {[%emt 0:04:15]} Ke4 {[%emt 0:00:00]} 59. Qg3 {[%emt 0:00:00]} Kf5 {[%emt 0:00:00]} 60. Qh4 {[%emt 0:00:00]} Kg6 {[%emt 0:00:00]} 61. Qf6+ {[%emt 0:00:00]} Kh5 {[%emt 0:00:00]} 62. Bd2 {[%emt 0:00:00]} Kg4 {[%emt 0:00:00]} 63. Qf4+ {[%emt 0:00:00]} 1-0